Celeste Strawberry Jam - Sticker to Map - Statistics

General Stats
  • This quiz has been taken 702 times
  • The average score is 60 of 111
Answer Stats
Picture Answer % Correct
Pinball Purgatory
96%
paint
92%
Dropzle
78%
Clockwork
76%
The Solar Express
76%
Soap
75%
Shattersong
73%
Belated Valentine's Day
72%
Cycle Madness B-Side
72%
Lava Layer
72%
Rose Garden
71%
summit
71%
Nelumbo
70%
Madeline: The Bubble
68%
Square the Circle
68%
Summit Down-Side
68%
If my 'driveway' almost did you in...
67%
Lost Woods
67%
The Tower (XVI)
67%
Pointless Machines
66%
FLOATING POINT
65%
Fortress Fall
65%
kevintechspam.bin
65%
Loopy Lagoon
65%
Polaris
65%
Pufferfish Transportation Co.
65%
The Core Problem
65%
The Tower
65%
Raindrops on Roses
64%
Sands of Time
64%
Treehive
64%
Slime Time!
63%
World Abyss
63%
Belly of the Beast
62%
Chromatic Complex
62%
Coresaken City
62%
Forest Rush
62%
Psychokinetic
62%
Subway Neon
61%
A Change in Direction
60%
Dusk City
60%
Flipside Cliffside
60%
Ivory
60%
System.Invalid-
MapException
60%
Ethereal Ascension
59%
The Squeeze
59%
Time Trouble
59%
Bee Berserk
58%
Rightside-Down Cavern
58%
Skyline Usurper
58%
Strawberry Orchard
58%
Synapse
58%
Fractured Iridescence
57%
Vertigo
57%
A Gift From the Stars
56%
Honeyzip Inc.
56%
Lethal Laser Laboratory
56%
Golden Alleyway
55%
Stellar Odyssey
55%
Thinking with Portals
55%
Cave of the Crimson Sky
53%
Toggle Theory
53%
EAT GIRL
52%
Meaningless Contraptions
52%
Construction Conundrum
51%
Flying Battery
51%
In Filtration
51%
Sea of Soup
51%
Narrow Hollow
50%
Attack of the Clone
49%
Midnight Spire
49%
74
48%
Superstructure
48%
Hypnagogia
47%
Java's Crypt
47%
Lunar Pagoda
47%
Collapsing Skyline
46%
Forest Path
46%
Low-G Botany
46%
Plasma Reactor
46%
Starlight Station
46%
Storm Runner
46%
Supernautica
45%
Garden of Khu'tara
44%
Hydroshock
44%
Superluminary
44%
Fifth Dimension
43%
Frosted Fragments
42%
Seeing is Believing
42%
Deep Blue
41%
Jellyfish Sanctum
41%
Mosaic Garden
40%
Temple of a Thousand Skies
39%
Sleeping Under Stars
37%
Drifting Deep
36%
Tectonic Trenches
36%
Vinculum
35%
The Lab
34%
Troposphere
34%
Call of the Void
33%
Potential for Anything
33%
Cassette Cliffs
31%
Overgrown Linn
31%
Over the City
31%
Golden Dawn
30%
Midnight Monsoon
30%
Starry Ruins
30%
Switchtube Vista
30%
Azure Caverns
28%
Caper Cavortion
24%
Undergrowth
21%
No matching quizzes found
Score Distribution
Percent of People with Each Score
Percentile by Number Answered
Your Score History
You have not taken this quiz